000 00515nam a2200181Ia 4500
005 20260415160401.0
008 008 250505s9999 xx 000 0 eng d
037 _aTextual
040 _aFEDL
_beng
_cFEDL
041 _aeng
_2eng
084 _a373.44 DUR
_qFEDL
100 _aDurkheim Emile
245 0 _aEvolution of education thought
260 _aLondon, UK
_bRoutledge and Kegan Paul
_c1977
300 _aviii,354p.
942 _cTEXL
_h373.44 DUR
999 _c1400674
_d1400674